00704nam a2200241 a 4500001001300000003000900013005001700022008004100039020000800080082001600088100002700104245004500131260004300176300000900219500003500228505001000263650002000273700002700293902000800320942000700328952011200335999001500447nice12345678IN_TiNIC20260116012013.0050524s1947 alla grp 000 0 urd  ac200a491.55bQUT aQutbi, Shah Razi Ahmed aJadeed Rahnumai Tarjuma-O-Qawaid-E-Farsi aAllahabadbLalah Ram Niraten Lalc1947 a116p aincludes index and biblioraphy2 aIndex aPersian Grammar1 aQutbi, Shah Razi Ahmed bSRS cBK 001040708StackRoom-aHMIbHMId2007-06-12g2.00l0o491.55 QUTp08900r2007-06-12v2.00w2005-05-24yBK c5241d5241